[Event "Eastern Asia-ch U14 Girls"]
[Site "Tornelo INT"]
[Date "2021.10.23"]
[Round "4"]
[White "Kimaya, Yaduvanshi"]
[Black "Lim, Janice"]
[Result "0-1"]
[WhiteElo "1055"]
[BlackElo "1158"]
[PlyCount "88"]
[EventDate "2021.10.22"]
[EventType "swiss"]
[EventRounds "9"]
[EventCountry "NET"]
[SourceTitle "EXT 2023"]
[Source "ChessBase"]
[SourceDate "2022.10.05"]
[SourceVersion "1"]
[SourceVersionDate "2022.10.05"]
[SourceQuality "1"]

1. e4 c6 2. d4 d5 3. Nc3 dxe4 4. Nxe4 Bf5 5. Ng3 Bg6 6. h4 h6 7. Nh3 Nd7 8. Nf4 Bh7 9. Bc4 e6 10. c3 Ngf6 11. Qe2 Be7 12. Be3 0-0 13. 0-0-0 a5 14. Ngh5 b5 15. Bd3 Bxd3 16. Rxd3 b4 17. Qf3 bxc3 18. Rxc3 a4 19. Qg3 Nxh5 20. Nxh5 Bf6 21. Bxh6 g6 22. Bxf8 Qxf8 23. Nxf6+ Nxf6 24. Rxc6 a3 25. b3 Nd5 26. h5 Qh6+ 27. Kd1 Qg7 28. Rc4 g5 29. h6 Qg6 30. h7+ Kg7 31. Qh3 Rh8 32. Qg3 Qb1+ 33. Rc1 Qf5 34. Qe5+ Qxe5 35. dxe5 Nb4 36. Rc3 Rd8+ 37. Ke2 Kh8 38. Rh5 Nxa2 39. Rc7 Nb4 40. Rxf7 a2 41. Ra7 Rc8 42. Ra4 Nd5 43. Kd2 Rd8 44. Ke1 Nc3 0-1

[Event "Eastern Asia-ch U14 Girls"]
[Site "Tornelo INT"]
[Date "2021.10.22"]
[Round "2"]
[White "Hajatniya, Reyhaneh"]
[Black "Lim, Janice"]
[Result "1-0"]
[WhiteElo "1348"]
[BlackElo "1158"]
[PlyCount "59"]
[EventDate "2021.10.22"]
[EventType "swiss"]
[EventRounds "9"]
[EventCountry "NET"]
[SourceTitle "EXT 2023"]
[Source "ChessBase"]
[SourceDate "2022.10.05"]
[SourceVersion "1"]
[SourceVersionDate "2022.10.05"]
[SourceQuality "1"]

1. e4 c6 2. d4 d5 3. f3 dxe4 4. fxe4 g6 5. Nf3 Bg7 6. c3 Nf6 7. Bd3 Bg4 8. 0-0 Nbd7 9. Qb3 b6 10. Ng5 0-0 11. h3 h6 12. Nxf7 Rxf7 13. hxg4 Kf8 14. Bc4 e5 15. Bxf7 exd4 16. Bxg6 Ne5 17. Bf5 dxc3 18. Qxc3 Qe8 19. Bf4 Nexg4 20. Bxg4 Nxg4 21. Bxh6+ Ke7 22. Qxg7+ Kd6 23. Qxg4 Qh8 24. Bf4+ Kc5 25. Qf5+ Kb4 26. Bd2+ Kc4 27. b3+ Kd3 28. e5+ Kd4 29. Bc3+ Ke3 30. Qf3# 1-0